San Felipe el Real / (Record no. 67094)

MARC details
000 -LEADER
campo de control de longitud fija 00993nam a2200265 i 4500
001 - NÚMERO DE CONTROL
campo de control 67094
003 - IDENTIFICADOR DE NÚMERO DE CONTROL
campo de control ES-MaACL
005 - FECHA Y HORA DE LA ÚLTIMA TRANSACCIÓN
campo de control 20250806062527.0
007 - CAMPO FIJO DE DESCRIPCIÓN FÍSICA--INFORMACIÓN GENERAL
campo de control de longitud fija t|
008 - DATOS DE LONGITUD FIJA--INFORMACIÓN GENERAL
campo de control de longitud fija 040505s2000 sp ||||1| spa d
040 ## - FUENTE DE CATALOGACIÓN
Centro catalogador/agencia de origen BR-M
080 ## - NÚMERO DE LA CLASIFICACIÓN DECIMAL UNIVERSAL
Número de la Clasificación Decimal Universal 726.7(460.27 M.) Convento de San Felipe el Real
100 1# - ENTRADA PRINCIPAL--NOMBRE DE PERSONA
Nombre de persona López Jiménez, Luis.
9 (RLIN) 73714
245 10 - MENCIÓN DEL TÍTULO
Título San Felipe el Real /
Mención de responsabilidad, etc. por Luis López Jiménez.
260 ## - PUBLICACIÓN, DISTRIBUCIÓN, ETC.
Lugar de publicación, distribución, etc. Madrid :
Nombre del editor, distribuidor, etc. Ayuntamiento, Primera Tenencia de Alcaldía :
-- Instituto de Estudios Madrileños,
Fecha de publicación, distribución, etc. 2000.
300 ## - DESCRIPCIÓN FÍSICA
Extensión 28 p. ;
Dimensiones 21 cm.
490 1# - MENCIÓN DE SERIE
Mención de serie Ciclo de conferencias: La Plaza de la Puerta del Sol ;
Designación de volumen o secuencia 14
500 ## - NOTA GENERAL
Nota general Precede al tit.: Centro Mesonero Romanos.
610 24 - PUNTO DE ACCESO ADICIONAL DE MATERIA--NOMBRE DE ENTIDAD CORPORATIVA
Nombre de entidad corporativa o nombre de jurisdicción como elemento de entrada Convento de San Felipe el Real (
Sede del congreso/Lugar de la reunión Madrid)
9 (RLIN) 3279
650 14 - PUNTO DE ACCESO ADICIONAL DE MATERIA--TÉRMINO DE MATERIA
Término de materia o nombre geográfico como elemento de entrada Iglesias-
Subdivisión geográfica Madrid.
9 (RLIN) 13574
710 2# - ENTRADA AGREGADA--NOMBRE DE ENTIDAD CORPORATIVA
Nombre de entidad corporativa o nombre de jurisdicción como elemento de entrada Instituto de Estudios Madrileños
9 (RLIN) 4916
830 0# - PUNTO DE ACCESO ADICIONAL DE SERIE-TÍTULO UNIFORME
Título uniforme Ciclo de conferencias: La Plaza de la Puerta del Sol ;
Designación de volumen o secuencia 14
9 (RLIN) 183085
852 ## - LOCALIZACIÓN
Ubicación ES-MaACL
Número de control de estantería 2173-F-10
Sublocalización o colección R.133030
Holdings
Estatus retirado Estado de pérdida Estado de daño No para préstamo Colección Biblioteca de origen Biblioteca actual Ubicación en estantería Fecha de adquisición Fuente de adquisición Total de préstamos Signatura topográfica completa Código de barras Visto por última vez Precio de reemplazo Tipo de ítem Koha
        Colección de folletos Biblioteca del Ateneo de Madrid Biblioteca del Ateneo de Madrid Depósito folletos 17/01/2008     2173-F-10 1070269 23/02/2023 23/02/2023 Folleto